Quiero ser: 5° Básico. Manual del alumno

Guardat en:
Dades bibliogràfiques
Autor corporatiu: CONACE, MINEDUC, Fundación Paz Ciudadana
Format: Llibre
Idioma:espanyol
Publicat: Santiago, Chile CONACE 2002
Col·lecció:Programa de Prevención del Consumo de Drogas
Matèries:
Etiquetes: Afegir etiqueta
Sense etiquetes, Sigues el primer a etiquetar aquest registre!

MARC

LEADER 00000nam a2200000 a 4500
001 UCM2688
003 CL-VaPUC
005 20210422001400.0
008 020613e20020200CL |||||||||||||||||spa|d
999 |c 300413  |d 300411 
040 |c Pontificia Universidad Católica de Valparaíso 
082 0 4 |a 362.29 CON 2002  |2 21 
110 2 |a CONACE  |9 469421 
245 1 0 |a Quiero ser: 5° Básico. Manual del alumno 
260 0 3 |a Santiago, Chile  |b CONACE  |c 2002 
300 |a 27 páginas 
490 0 |a Programa de Prevención del Consumo de Drogas 
583 |a last modification  |c 20020613 00:00:00  |k Rodrigo Vera 
650 0 |a Abuso de drogas  |9 254876 
650 0 |a Problemas sociales  |9 258537 
650 7 |a PREVENCION  |2 CL-VaPUC  |9 322995 
650 0 |a Educación básica   |9 224933 
710 2 |a MINEDUC  |9 469422 
710 2 |a Fundación Paz Ciudadana  |9 469423 
942 |c BK  |2 ddc 
945 |d 20020613 00:00:00  |a cmena 
952 |0 0  |1 0  |2 ddc  |4 0  |6 362_290000000000000_CON_2002  |7 0  |8 P  |9 358168  |a BIBEDU  |b BIBEDU  |c BIBEDU_PB  |d 2019-11-21  |i 3819175  |o 362.29 CON 2002  |p 3819175  |r 2024-01-25  |t 1  |w 2019-11-21  |y BK  |k BME 
952 |0 0  |1 0  |2 ddc  |4 0  |6 362_290000000000000_CON_2002  |7 0  |8 P  |9 358169  |a BIBEDU  |b BIBEDU  |d 2019-11-21  |i 3819183  |o 362.29 CON 2002  |p 3819183  |r 2024-01-25  |t 2  |w 2019-11-21  |y BK  |k BME 
952 |0 0  |1 0  |2 ddc  |4 0  |6 362_290000000000000_CON_2002  |7 0  |8 P  |9 358170  |a BIBEDU  |b BIBEDU  |c BIBEDU_PB  |d 2019-11-21  |i 3853071  |o 362.29 CON 2002  |p 3853071  |r 2024-01-25  |t 3  |w 2019-11-21  |y BK  |k EPE 
952 |0 0  |1 0  |2 ddc  |4 0  |6 362_290000000000000_CON_2002  |7 0  |8 P  |9 358171  |a BIBEDU  |b BIBEDU  |c BIBEDU_PB  |d 2019-11-21  |i 396020K  |o 362.29 CON 2002  |p 396020K  |r 2024-01-25  |t 4  |w 2019-11-21  |y BK  |k EPE 
952 |0 0  |1 0  |2 ddc  |4 0  |6 362_290000000000000_CON_2002  |7 0  |8 P  |9 358172  |a BIBEDU  |b BIBEDU  |c BIBEDU_PB  |d 2019-11-21  |i 3962571  |o 362.29 CON 2002  |p 3962571  |r 2024-01-25  |t 5  |w 2019-11-21  |y BK  |k EBA 
952 |0 0  |1 0  |2 ddc  |4 0  |6 362_290000000000000_CON_2002  |7 0  |8 P  |9 358173  |a BIBEDU  |b BIBEDU  |c BIBEDU_PB  |d 2019-11-21  |i 396258K  |o 362.29 CON 2002  |p 396258K  |r 2024-01-25  |t 6  |w 2019-11-21  |y BK  |k EBA 
952 |0 0  |1 0  |2 ddc  |4 0  |6 362_290000000000000_CON_2002  |7 0  |8 P  |9 358174  |a BIBEDU  |b BIBEDU  |c BIBEDU_PB  |d 2019-11-21  |i 3962598  |o 362.29 CON 2002  |p 3962598  |r 2024-01-25  |t 7  |w 2019-11-21  |y BK  |k EBA